Don Juan Tenorio /

Bibliographic Details
Main Author: Zorrilla, José, 1817-1893
Other Authors: Peña, Aniano
Format: Book
Language:Spanish
Published: Madrid : Cátedra, [1984]
Edition:5a ed.
Series:Letras hispánicas ; 114.
Subjects:

MARC

Tag First Indicator Second Indicator Subfields
LEADER 00000cam a2200000 a 4500
001 in00000029869
005 20180505063030.0
008 850918s1984 sp b 00010 spa d
020 |a 8437602130 (pbk.) 
035 |a (OCoLC)12569267 
035 |9 AAB6263AM 
040 |a EBS  |c EBS  |d m/c  |d TXA  |d UtOrBLW 
049 |a TXAM  |c [A11493572] 
050 4 |a PQ6575  |b .D6 1984b 
100 1 |a Zorrilla, José,  |d 1817-1893. 
245 1 0 |a Don Juan Tenorio /  |c José Zorrilla ; edición de Aniano Peña. 
250 |a 5a ed. 
264 1 |a Madrid :  |b Cátedra,  |c [1984] 
264 4 |c ©1984 
300 |a 226 pages ;  |c 18 cm. 
336 |a text  |b txt  |2 rdacontent 
337 |a unmediated  |b n  |2 rdamedia 
338 |a volume  |b nc  |2 rdacarrier 
490 1 |a Letras hispánicas ;  |v 114 
504 |a Bibliography : pages 71-73. 
650 0 |a Juan,  |c Don (Legendary character)  |v Drama. 
700 1 |a Peña, Aniano. 
830 0 |a Letras hispánicas ;  |v 114. 
999 |a MARS 
999 f f |s 73ab2269-72b6-3a2c-87ec-38c341dd261f  |i 117da088-9079-3a28-b32e-e113fdcf1633  |t 0 
952 f f |p normal  |a Texas A&M University  |b College Station  |c Sterling C. Evans Library  |d Evans: Library Stacks  |t 0  |e PQ6575 .D6 1984b  |h Library of Congress classification  |i unmediated -- volume  |m A14811493572 
998 f f |a PQ6575 .D6 1984b  |t 0  |l Evans: Library Stacks